Stanovenie hodnoty goodwillu vybranej spoločnosti diplomová práca

Guardado en:
Detalles Bibliográficos
Autor principal: Martišková, Nina
Autor Corporativo: Fakulta podnikového manažmentu EU. Katedra podnikových financií
Otros Autores: Harumová, Anna, 1955-
Formato: Libro
Lenguaje:eslovaco
Publicado: Bratislava 2011
Etiquetas: Agregar Etiqueta
Sin Etiquetas, Sea el primero en etiquetar este registro!

MARC

LEADER 00000nbm a2200000 4500
001 0131513
005 20161109101710.6
041 0 |a slo 
044 |a SK 
245 1 0 |a Stanovenie hodnoty goodwillu vybranej spoločnosti  |b diplomová práca  |c Nina Martišková ; školiteľ: Anna Harumová 
264 1 |a Bratislava  |c 2011 
300 |a 73 s. 
100 1 |a Martišková, Nina 
700 1 |a Harumová, Anna, 1955- 
710 2 |a Fakulta podnikového manažmentu EU. Katedra podnikových financií